[Event "Frydek Mistek BSS Cup"]
[Site "Frydek Mistek"]
[Date "2007.02.22"]
[Round "5"]
[White "Motycakova, Monika"]
[Black "Chabada, Tomas"]
[Result "1-0"]
[WhiteElo "1861"]
[BlackElo "1475"]
[PlyCount "65"]
[EventDate "2007.02.19"]
[EventType "swiss"]
[EventRounds "7"]
[EventCountry "CZE"]
[SourceTitle "EXT 2008"]
[Source "ChessBase"]
[SourceDate "2007.11.25"]
[SourceVersion "1"]
[SourceVersionDate "2007.11.25"]
[SourceQuality "1"]

1. e4 c5 2. c3 d5 3. exd5 Qxd5 4. d4 Nf6 5. Nf3 Bg4 6. Be2 e6 7. 0-0 Nc6 8. Be3 cxd4 9. cxd4 Be7 10. Nc3 Qd8 11. h3 Bh5 12. Qb3 Rb8 13. Rfd1 Nd5 14. Rac1 Nxe3 15. fxe3 Bg5 16. Nxg5 Qxg5 17. Ne4 Qd5 18. Bxh5 Qxe4 19. Bf3 Nxd4 20. Rxd4 Qe5 21. Qa4+ b5 22. Bc6+ Kf8 23. Qb4+ Kg8 24. Qd2 g6 25. Qf2 Rc8 26. Rf1 f5 27. Bf3 Qc7 28. Rfd1 Kf8 29. Rd7 Qb6 30. Qd2 Ke8 31. Rb7 Rd8 32. Qxd8+ Qxd8 33. Bc6+ 1-0

[Event "SVK-ch U12"]
[Site "Brezova pod Bradlom"]
[Date "2006.03.06"]
[Round "3"]
[White "Bojtos, Erik"]
[Black "Chabada, Tomas"]
[Result "0-1"]
[WhiteElo "1453"]
[BlackElo "1350"]
[PlyCount "124"]
[EventDate "2006.03.05"]
[EventType "swiss"]
[EventRounds "9"]
[EventCountry "SVK"]
[SourceTitle "EXT 2008"]
[Source "ChessBase"]
[SourceDate "2007.11.25"]
[SourceVersion "1"]
[SourceVersionDate "2007.11.25"]
[SourceQuality "1"]

1. e4 e5 2. Nf3 Nc6 3. Bc4 Bc5 4. c3 Nf6 5. d4 exd4 6. cxd4 Bb4+ 7. Bd2 Bxd2+ 8. Nbxd2 d6 9. 0-0 0-0 10. Qb3 h6 11. Rfe1 Na5 12. Qd3 Nxc4 13. Qxc4 Re8 14. Rac1 c6 15. e5 Be6 16. Qd3 dxe5 17. Nxe5 Nd5 18. Nef3 Nb4 19. Qa3 Qb6 20. Re2 Nxa2 21. Rce1 Nb4 22. Nb3 Nd3 23. Rd1 Bxb3 24. Rxe8+ Rxe8 25. Rxd3 Bc4 26. Rd1 Be2 27. Re1 Re6 28. Qc3 Bxf3 29. Rxe6 fxe6 30. gxf3 Qd8 31. Qb3 Qd7 32. Qa4 b6 33. b3 a5 34. Qc4 Qd5 35. Qc3 Kf7 36. Qe3 Qg5+ 37. Qxg5 hxg5 38. Kf1 b5 39. Ke2 Kf6 40. Kd3 e5 41. Ke4 exd4 42. Kxd4 a4 43. bxa4 bxa4 44. Kc4 a3 45. Kb3 a2 46. Kxa2 Ke5 47. Kb3 Kd4 48. Kc2 c5 49. Kd2 Ke5 50. Ke3 c4 51. h3 c3 52. Kd3 c2 53. Kxc2 Kf4 54. Kd2 Kxf3 55. Ke1 Kg2 56. Ke2 Kxh3 57. Kf3 g6 58. Ke2 g4 59. Ke3 g3 60. fxg3 Kxg3 61. Ke2 g5 62. Kf1 Kh2 0-1